000 00545cam a22002171 4500
001 sa 66001715
003 DLC
005 20260227112224.0
008 881028q19601966xx 000 0 beno
010 _asa 66001715
035 _a(OCoLC)23575108
040 _aDLC
_cMiU
_dDLC
042 _apremarc
050 0 0 _aPK1704
_b.E2
110 1 _aEast Pakistan.
_bBureau of National Reconstruction.
245 1 0 _aMusalima sāhitya sebaka.
260 _c[196-?]
300 _a298 p.
_c22 cm.
500 _aRomanized.
650 0 _aAuthors, Bengali
999 _c67940
_d67940